| 000 | 01222cam a22003374a 4500 | ||
|---|---|---|---|
| 001 | 27469 | ||
| 005 | 20230410115911.0 | ||
| 008 | 030702s2004 njua b 001 0 eng | ||
| 035 | _a13260266 | ||
| 925 | 0 |
_aacquire _b2 shelf copies _xpolicy default |
|
| 942 |
_2lcc _cbk |
||
| 010 | _a 2003057396 | ||
| 020 | _a0805844570 (alk. paper) | ||
| 020 | _a0805844589 (pbk. : alk. paper) | ||
| 040 |
_aDLC _cDLC _dDLC |
||
| 042 | _apcc | ||
| 050 | 1 | 4 |
_aHQ 536 _bS797 2004 |
| 082 | 0 | 0 |
_a306.73/6 _222 |
| 245 | 0 | 4 |
_aThe state of affairs : _bexplorations in infidelity and commitment / _cedited by Jean Duncombe ... [et al.]. |
| 260 |
_aMahwah, N.J. : _bLawrence Erlbaum Associates, _c2004. |
||
| 300 |
_axxv, 253 p. : _bill. ; _c24 cm. |
||
| 440 | 0 | _aLEA's series on personal relationships | |
| 504 | _aIncludes bibliographical references (p. 223-240) and indexes. | ||
| 650 | 0 | _aAdultery. | |
| 650 | 0 | _aCommitment (Psychology) | |
| 650 | 0 | _aMarriage. | |
| 650 | 0 | _aCouples. | |
| 700 | 1 |
_aDuncombe, Jean, _d1950- |
|
| 856 | 4 | 2 |
_3Publisher description _uhttp://www.loc.gov/catdir/enhancements/fy0644/2003057396-d.html |
| 856 | 4 | 1 |
_3Table of contents only _uhttp://www.loc.gov/catdir/enhancements/fy0644/2003057396-t.html |
| 999 |
_c50120 _d50120 |
||